00929cam a22002411 4500001001300000003000400013005001700017008004100034010001700075035001900092040004600111042001200157050004100169100003200210245012600242260006500368300004700433410008100480500002600561504003800587650003500625650002700660gs 34000069 DLC20260227111338.0811002s1922 cc a f000 0 ger c ags 34000069  a(OCoLC)7811106 aLibrary, U.S. Geological SurveycTxUdDLC apremarc00aQE756.C6bA3 ser. A, vol. 1, fasc. 11 aFlorin, Rudolf,d1894-1965.10aZur alttertiären flora der südlichen Mandschurei,cvon Rudolf Florin in Stockholm. Mit tafel I-III und 3 textfiguren. aPeking,bPublished by the Geological survey of China,c1922. a2 p. l., 52, [8] p.billus., 3 pl.c29 cm.10aChina.bGeological Survey.tPalæontologia sinica,nser. A,vvol. I, fasc. 1 aLast 8 p. in Chinese. a"Literaturverzeichnis": p. 35-44. 0aPaleobotanyzChinazManchuria. 0aPaleobotanyyTertiary.